Indian Cricket Champions by Logo IPL - Statistics

General Stats
  • This quiz has been taken 44 times
  • The average score is 7 of 8
Answer Stats
Picture Answer % Correct
Rajasthan Royals
97%
Chennai Super Kings
95%
Mumbai Indians
95%
Kolkata Knight Riders
92%
Sunrisers Hyderabad
92%
Royal Challengers Bengaluru
87%
Gujarat Titans
82%
Deccan Chargers
79%
No matching quizzes found
Score Distribution
Percent of People with Each Score
Percentile by Number Answered
Your Score History
You have not taken this quiz